000 00246nam a2200097Ia 4500
008 230915s9999 xx 000 0 und d
050 _aREF: K 183 .K 46 K 46 V.505
100 _aKENYA REPUBLIC
245 4 _aTHE TRADE DESCRIPTIONS ACT
942 _cBK
999 _c63019
_d63019